000 00753nam a2200265Ia 4500
005 20260121170025.0
008 008 260114s9999 xx 000 0 eng d
020 _a9783319481944
037 _aEBOOK
040 _aCRL
040 _beng
040 _cCRL
041 _2eng
041 _aeng
084 _qCRL
100 _aMei Li, Carelyn Campbell, Katsuyo Thornton, Elizabeth Holm, Peter Gumbsch
_91058876
245 0 _aProceedings of the 2nd World Congress on Integrated Computational Materials Engineering (ICME)
260 _bSpringer
260 _bSpringer
260 _c2016
856 _uhttps://link.springer.com/openurl?genre=book&isbn=978-3-319-48194-4
942 _cEBOOK
999 _c1624605
_d1624605